| 000 | 01008cam a2200277 a 4500 | ||
|---|---|---|---|
| 082 |
_a954.91 _bMUH _cL-40, P-58 |
||
| 100 | 1 |
_aWahd Bakhsh Rabbani, _946288 |
|
| 245 | 1 | 4 |
_aThe magnificent power potential of Pakistan / _cWahid Bakhsh Rabbani ; translated by Muhammad Asghar. |
| 250 | _aIst ed. | ||
| 260 |
_aLahore : _bal-Faisal, _c2000. |
||
| 300 |
_axviii, 571 p. ; _c25 cm. |
||
| 500 | _a"Pakistan ki azim-ush-shan difai quwwat"--Cover. | ||
| 500 | _aTranslated from Urdu. | ||
| 526 |
_a0 _b0 _c0 _d954_910000000000000_MUH |
||
| 526 |
_a0 _b0 _c0 _d954_910000000000000_MUH |
||
| 526 |
_a0 _b0 _c0 _d954_910000000000000_MUH |
||
| 526 |
_a0 _b0 _c0 _d954_910000000000000_MUH |
||
| 526 |
_a0 _b0 _c0 _d954_910000000000000_MUH |
||
| 526 |
_a0 _b0 _c0 _d954_910000000000000_MUH |
||
| 526 |
_a0 _b0 _c0 _d954_910000000000000_MUH |
||
| 526 |
_a0 _b0 _c0 _d954_910000000000000_MUH |
||
| 526 |
_a0 _b0 _c0 _d954_910000000000000_MUH |
||
| 526 |
_a0 _b0 _c0 _d954_910000000000000_MUH |
||
| 650 |
_aMCE _9379 |
||
| 942 |
_2ddc _cBK |
||
| 999 |
_c549657 _d549657 |
||